[Event "Bundesliga 0304"]
[Site "Germany"]
[Date "2003.12.14"]
[Round "6.7"]
[White "Skripchenko, Almira"]
[Black "Vuckovic, Aleksandar"]
[Result "1-0"]
[WhiteElo "2489"]
[BlackElo "2321"]
[Annotator "Bangiev,A"]
[PlyCount "121"]
[EventDate "2003.11.01"]
[EventType "team-tourn"]
[EventRounds "15"]
[EventCountry "GER"]
[SourceTitle "CBM 099"]
[Source "ChessBase"]
[SourceDate "2004.03.30"]
[SourceVersion "1"]
[SourceVersionDate "2004.03.30"]
[SourceQuality "1"]
[WhiteTeam "Werder Bremen"]
[BlackTeam "Stuttgart"]
[WhiteTeamCountry "GER"]
[BlackTeamCountry "GER"]

1. e4 c5 2. Nc3 d6 3. f4 Nc6 4. Nf3 g6 5. Bc4 Bg7 6. O-O a6 $6 {Dies stellt
ein Tempoverlust dar. Weiß kann und soll die Drohung b7-b5 ingnorieren.} (6...
e6 $142 7. d3 Nge7) 7. d3 $1 (7. a4 $6) 7... e6 (7... b5 8. Bb3) 8. f5 $1 (8.
a4 $5) 8... h6 {Dieser Zug, mit der Absicht Ng5 zu verhindern, schwächt
beachtlicht die weißen Felder, was der Anziehende angesichts seiner
weißfeldrigen Initiative ausnutzen soll.} (8... b5 9. fxe6 fxe6 (9... bxc4 10.
exf7+ Kxf7 11. Ne5+ $16) 10. Bb3 $14) (8... exf5 9. exf5 Bxf5 10. Ng5 Ne5 (
10... Nh6 11. Qe1+ Ne5 (11... Qe7 12. Nge4) 12. Bd5 $36) 11. Bd5 Qb6 (11... Qc7
12. Bf4) 12. Bf4 Ne7 13. Bxe5 Bxe5 14. Bxf7+ Kd8 15. Na4 Qa5 16. c3 Bd7 (16...
b5 17. d4 cxd4 18. cxd4 Bg7 19. Nc3) 17. Bb3 Kc7 18. d4 cxd4 19. cxd4 Bxh2+ 20.
Kxh2 Qxg5 21. Qc1+ Qxc1 22. Raxc1+ Kd8 23. Nb6 Rb8 24. Rf6 $14) 9. Qe1 (9. fxg6
fxg6 10. Qe1 {/\Qg3}) 9... g5 $6 {Es scheint unwahrscheinlich, dass Schwarz
die weitere Stellungsschwächung vor allem der weißen Felder verkraften konnte.}
(9... Nge7 10. fxe6 fxe6 11. Bb3 O-O $6 12. Qh4 g5 13. Bxg5 $1) 10. fxe6 $1
Bxe6 $6 {Schwächt endgültig das Feld d5} (10... fxe6 11. Qg3 Na5 12. Be3 Nxc4
13. dxc4 Ne7 14. Rad1 $14) 11. Bxe6 (11. Nd5 $5 {[%mdl 32] Dadurch kann Weiß
den 10...Be6 ausnutzen, nämlich den Angriff auf die schwarzen Felder e5, f6 am
besten gestalten, z.B.} Nge7 (11... g4 12. Nh4 Nd4 13. Ne3 $16) (11... b5 12.
Bb3 Nge7) 12. c3 b5 13. Bb3 O-O 14. Qg3 Bxd5 15. exd5 $1 {Nur so! Na5 zu
vertreiben, den Druck auf die schwarzen Felder zu verstärken} Na5 16. Bxg5 (16.
h4 f6 17. c4 $14) 16... hxg5 17. Nxg5 Ng6 (17... Nxb3 18. Qh4) 18. Rf5 {/\Qh3}
(18. Qg4 Nxb3 19. axb3 Bf6 20. Ne6 fxe6 21. Qxg6+ Bg7 22. Qxe6+ Kh8 $11) 18...
Nxb3 19. axb3 {/\Qh3} (19. Qh3 Qxg5 20. Rxg5 Nxa1) 19... Bf6 20. Ne6 Qe7 (20...
fxe6 21. Qxg6+ Bg7 22. Qxe6+) (20... Bh4 21. Qg4 Qe7 22. Raf1) 21. Nxf8 (21.
Raf1 fxe6 22. Qxg6+ Bg7) 21... Rxf8 22. Rxa6 Kg7 23. Ra1 $14) 11... fxe6 12.
Qg3 {Weiß steht durch den Druck auf die schwarzen Felder d6, e5 etwas besser}
Nf6 {Dies schwächt die Kontrolle über das wichtige Feld e5. Der Nachziehende
muss nun damit rechnen, dass Weiß auf die Idee kommt, dies durch e5
auszunutzen.} (12... Nge7 13. Qh3 Qd7 14. Na4 (14. Qh5+ Kd8 15. Ne2 Kc7) 14...
Nc8 15. Be3) (12... Qe7 13. Be3 Ne5) 13. Be3 (13. e5 $5) 13... Qe7 14. e5 dxe5
15. Nxe5 Nxe5 16. Qxe5 Rc8 $1 (16... Ng4 $6 17. Qxc5 (17. Qe4 Nxe3 18. Qg6+ Kd8
19. Rf7 Bd4 20. Rxe7 Ng4+ (20... Kxe7 21. Kh1 $16) 21. Kf1 Kxe7 $132) 17...
Qxc5 18. Bxc5 Rc8 19. Ba7 $16) 17. Qg3 (17. Rae1 O-O (17... Ng4 18. Qe4) 18.
Bf2 Rc6) 17... O-O 18. Rae1 Nd5 $14 19. Rxf8+ Qxf8 20. Bf2 Nxc3 21. bxc3 Rc6 (
21... Bxc3 22. Rxe6 Bd4 23. Bxd4 cxd4 24. Qe5 $16) 22. Re4 (22. c4 $142 Qf4 (
22... b5 23. Re4) 23. Qh3 Qf5 24. Qh5 Kh7 $14) 22... Kh7 (22... Bxc3 23. h4 e5
24. hxg5 Rg6 25. Rg4 Qg7 $132) (22... Rb6 23. h4 Rb1+ 24. Kh2 Qf5 $132) 23. c4
$14 {Weß steht dank dem Stützpunkt auf e4 klar besser. Er muss im Weiteren
bestrebt sein, die weißfeldrigen Schwächen im Lager des Schwarzen auszunutzen,
die schwarze Stellung ist jedoch relativ stabil.} Qf6 24. Qg4 Qf5 25. Qe2 Kg8
26. h4 Kf7 (26... gxh4 $142) 27. Re3 (27. hxg5 hxg5 28. Qh5+ $16) 27... g4 28.
Re4 h5 29. Bg3 Ke7 30. Rf4 Qg6 31. Rf1 Bf6 32. Kh1 b6 33. a4 Rc8 34. Rb1 Rc6
35. Rf1 Rc8 36. Qd2 a5 37. Rb1 Rc6 38. Qe3 Bd4 39. Qe2 e5 40. Rc1 e4 41. c3 Bf6
42. dxe4 Re6 43. Qd2 Qxe4 44. Rd1 Kf7 45. Qh6 Qg6 46. Qf4 Qe4 47. Qc7+ Kg6 48.
Qb8 Re8 49. Qxb6 Qxc4 50. Qb5 Qxb5 51. axb5 Bxc3 52. Rc1 Re3 53. Bc7 g3 54. Bf4
Rd3 55. b6 Bd2 56. Rd1 Rb3 57. Bxd2 a4 58. Ra1 a3 59. Bc1 Rxb6 60. Rxa3 Rb1 61.
Rxg3+ 1-0

[Event "EU-Cup 19th"]
[Site "Rethymno"]
[Date "2003.10.02"]
[Round "5.3"]
[White "Miton, Kamil"]
[Black "Benderac, Srdjan"]
[Result "1-0"]
[WhiteElo "2546"]
[BlackElo "2345"]
[Annotator "Bangiev,A"]
[PlyCount "95"]
[EventDate "2003.09.28"]
[EventType "team-swiss"]
[EventRounds "7"]
[EventCountry "GRE"]
[SourceTitle "CBM 098"]
[Source "ChessBase"]
[SourceDate "2004.02.03"]
[SourceVersion "1"]
[SourceVersionDate "2004.02.03"]
[SourceQuality "1"]
[WhiteTeam "Grodzisk"]
[BlackTeam "Glasinac"]
[WhiteTeamCountry "POL"]
[BlackTeamCountry "BIH"]

1. e4 c5 2. Nc3 d6 3. f4 Nc6 4. Bb5 Bd7 5. Nf3 a6 6. Bxc6 Bxc6 7. O-O e6 8. d3
Be7 9. Qe1 Nf6 10. e5 (10. Qg3 O-O 11. e5) 10... Nd5 11. Ne4 Qc7 (11... O-O 12.
a3 (12. Qg3 c4 13. dxc4 Nb4) (12. exd6 Bxd6 13. Ne5 Qc7 14. Nxd6 Qxd6 15. Bd2
Nb4) 12... b5 13. Qg3) 12. a3 $1 {/\c4} dxe5 13. fxe5 O-O-O $2 {Nun ist das
Feld f7 schutzlos} (13... O-O $142) 14. Nfg5 Bxg5 (14... Be8 15. c4 Nb6 16.
Nxf7 Bxf7 17. Rxf7 Rxd3 18. Bg5 Rd7 19. Bxe7 Rxe7 20. Rxe7 Qxe7 21. Nd6+ Kb8
22. Qe3 Qc7 23. Rf1) 15. Nxg5 (15. Bxg5 f6 (15... Rd7 16. Nxc5) (15... Qxe5 16.
Bxd8 Rxd8 17. Rxf7) 16. exf6 gxf6 17. Nxf6 e5 18. Qe2 $16) 15... Rd7 (15... Be8
16. c4 Nb6 (16... Ne7 17. Nxf7) 17. Qg3) 16. Qf2 f6 $2 (16... Kb8 17. Qxc5 b6
18. Qf2 h6 19. Ne4 $16) 17. Nxe6 Qxe5 18. Nxc5 (18. Re1 Qxe1+ 19. Qxe1 Re8)
18... Re7 19. c4 Ne3 20. Bxe3 Qxe3 21. Rfe1 Qxf2+ 22. Kxf2 Rhe8 23. Rxe7 Rxe7
24. d4 $16 a5 25. d5 Be8 26. Re1 Rxe1 27. Kxe1 Bf7 28. Kd2 b6 29. Ne4 Kc7 30.
Ke3 a4 31. Kd4 Bg6 32. Nc3 Bc2 33. Nb5+ Kd7 34. Kc3 Ke7 35. g3 Bf5 36. Kd4 Bc2
37. Nc3 Kd6 38. Ne4+ Kd7 39. d6 Ke6 40. d7 Kxd7 41. Nxf6+ Kc6 42. Kc3 Bg6 43.
Kb4 Bd3 44. Kxa4 Bxc4 45. Kb4 Bd3 46. Kc3 Bg6 47. Kd4 Kb5 48. Nd5 1-0

[Event "USA-ch"]
[Site "Modesto"]
[Date "1995.??.??"]
[Round "1"]
[White "Wolff, Patrick G"]
[Black "Browne, Walter Shawn"]
[Result "1-0"]
[WhiteElo "2565"]
[BlackElo "2560"]
[Annotator "Bangiev,A"]
[PlyCount "113"]
[EventDate "1995.11.??"]
[EventType "tourn"]
[EventRounds "13"]
[EventCountry "USA"]
[EventCategory "12"]
[SourceTitle "CBM 051"]
[Source "ChessBase"]
[SourceDate "1996.04.01"]
[SourceVersion "1"]
[SourceVersionDate "1996.04.01"]
[SourceQuality "1"]

1. e4 {Hecht} c5 2. Nc3 d6 3. f4 g6 4. Nf3 Bg7 5. Bc4 Nc6 6. d3 e6 7. O-O Nge7
8. Qe1 O-O 9. f5 {Dies ist heutzutage die wichtigste Fortsetzung. Die weiße
Strategie ist klar und besteht in einem Angriff auf dem Königsflügel.} d5 10.
Bb3 c4 {Schwarz entscheidet sich für einen scharfen Plan. Indem er den Bauern
c4 opfert, kann er das weiße Bauernzentrum völlig beseitigen.} 11. dxc4 (11. f6
Bxf6 12. dxc4 dxc4 13. Bxc4 Nd4 14. Nxd4 Bxd4+ 15. Kh1 Nc6 16. Bb3 Bg7 17. Be3
b6 18. Rd1 Qe7 19. Qg3 Ba6 20. Rf2 Rad8 21. Rfd2 Rxd2 22. Rxd2 Rd8 23. Qe1 Qf6
24. Nd1 Rxd2 25. Bxd2 Ne5 26. Bc3 h5 27. Qf2 Qd8 28. Ne3 Ng4 29. Nxg4 Bxc3 30.
bxc3 Qd1+ 31. Qg1 Qxg4 32. Qd4 Bb7 33. Qd8+ Kh7 34. Qd7 Qf4 35. Kg1 Bxe4 36.
Bxe6 Qe3+ 37. Kf1 Bxg2+ 38. Kxg2 Qxe6 39. Qxa7 Kg7 40. a4 Qe2+ 41. Kg3 Qe5+ 42.
Kg2 Qxc3 43. Qxb6 Qxc2+ 44. Qf2 Qxa4 45. Qb2+ Kh7 {0-1 Bigot,A-Cording,H/RLNN
8889 1989}) 11... dxe4 (11... d4 12. f6 Bxf6 13. e5 Bxe5 14. Nxe5 dxc3 15. Qxc3
Nxe5 16. Qxe5 Nf5 17. Bf4 f6 18. Qc3 Qd4+ 19. Qxd4 Nxd4 20. Bh6 Nxb3 21. Rad1
Na5 22. Bxf8 Kxf8 23. Rxf6+ Ke7 24. Rdf1 Nxc4 25. Rf7+ Kd6 26. Rxh7 b5 27. b3
Ne3 28. Rf6 Bd7 29. Rxg6 Bc6 30. Rh3 Nxc2 31. Rc3 Nb4 32. h4 Rh8 33. Rh3 Nd5
34. Rg4 Nf6 35. Rg6 Nd5 36. Rg4 Nf6 37. Rg6 {1/2-1/2 Khalifman,A-Savon,V/
Tal-mem 1992}) 12. f6 $5 Bxf6 13. Nxe4 Bg7 14. Bg5 f6 15. Rd1 Qc7 16. Be3 {
Mit dieser Fortsetzung plant Weiß den Läufer auf c5 zu postieren und auf den
Punkt d6 eindringen.} (16. Bd2 a5 17. a4 Kh8 18. Bc3 e5 19. c5 Bf5 20. Nd6 Nd8
21. Qf2 Be6 22. Nb5 Qc8 23. Rxd8 Rxd8 24. Bxe6 Qxe6 25. Nc7 Qc4 26. Nxa8 Rxa8
27. Rd1 Qxa4 28. h3 Qb5 29. Rd6 Nf5 30. Rb6 Qd7 31. Qd2 Qe7 32. Qd5 Rd8 33.
Qxb7 Qxc5+ 34. Kh2 Bh6 35. Be1 Bf4+ 36. g3 Qxc2+ 37. Kh1 Nxg3+ 38. Bxg3 Bxg3
39. Rd6 Rxd6 40. Qb8+ Kg7 41. Qxd6 Qf2 42. Qc7+ Kh6 43. Qc6 Qf1+ {0-1 Balendo,
E-Zheliandinov,V/BLR-ch Minsk/1970}) 16... b6 (16... e5 17. c5+ Kh8 18. Nd6 $36
) (16... Na5 17. Bc5 b6 18. Bd6 $36) 17. Nd6 Na5 {/\18...Ba6} 18. Nb5 {Eine
neue Idee. Weiß versucht die schwarze Dame von der Verteidigung des Feldes d6
abzulenken.} (18. Nxc8 Qxc8 19. Nd4 e5 20. Nb5 Nxb3 21. axb3 f5 22. Qh4 Nc6 23.
Bh6 Qb7 24. Bxg7 Qxg7 25. Rd6 Rac8 26. Rfd1 e4 27. c3 Ne5 28. Nd4 Rfe8 29. Qg3
Nd3 30. Rxd3 exd3 31. Qxd3 Qe7 32. Ne6 Qf7 33. Ng5 Qe7 34. Qd5+ Kh8 35. Qd4+
Kg8 {1/2-1/2 Gdanski,J-Wojtkiewicz,A/Budapest-Z A(2) 1993}) 18... Qb8 {/\a7-a6}
(18... Qb7 $6 19. Bd2 $5 Nxb3 20. axb3 a6 21. Nd6 Qc7 22. Bb4 e5 23. Nxc8 Rfxc8
24. Bd6 Qb7 25. Nd2 Rd8 26. Ne4 $5 f5 $6 27. Ng5 $36 (27. Nc3 $5)) 19. Bd2 {
/\Bd2-b4} (19. c5 $6 Nxb3 20. axb3 Ba6 $15) 19... Nxb3 20. axb3 a6 (20... e5 $6
21. Bb4 $16) 21. Bb4 $5 {Der einzige Zug, der die weiße Initiative aufrecht
erhält.} axb5 $8 (21... Re8 $2 22. Bd6 $16 {/\23.Nc7}) 22. Bxe7 Re8 23. Qh4 $5
{Wir sind jetzt an der kritischen Stellung angelangt. Weiß opfert eine Figur 
(Be7). Eine genaue Einschätzung dieser Fortsetzung hängt allerdings von der
wichtigen Beurteilung der Antwort 22...Rxe7 ab.} (23. Bd6 Qb7 24. cxb5 e5 25.
c4 Bf5 $44) 23... f5 {Schwarz lehnt das Opfer ab! Weiß hat es immerhin
geschafft, die Königsstellung wesentlich zu schwächen, aber die Schwächen auf
dem Damenflügel des Weißen (Pb2,Pc2) geben Schwarz genügend Chancen auf
Gegenspiel.} (23... Rxe7 $5 {Dies wäre eine riskante Fortsetzung gewesen. Aber
nach meiner Analyse bleibt die schwarze Stellung trotz des weißen Angriffs
voll verteidigungsfähig.} 24. Ng5 $5 (24. Rd8+ Bf8 (24... Kf7 $4 25. Ng5#) 25.
Ng5 (25. Qxf6 Rf7 $17 26. Qxf7+ $6 Kxf7 27. Ne5+ Kg7 $19) (25. Nd4 Qc7 26.
Rxf8+ (26. Nc6 $6 Rf7 (26... Qxc6 $2 27. Qxf6 $16)) 26... Kxf8 27. Qxf6+ Ke8 (
27... Rf7 28. Qh8+ Ke7 29. Rxf7+ $18) 28. Qf8+ (28. Nxb5 Qc5+ 29. Kh1 e5 (29...
Kd7 30. Rd1+ Kc6 31. Qf3+)) 28... Kd7 29. Nxb5 Qc5+ 30. Kh1 e5 $1 (30... Kc6 $2
31. Qf3+ Kd7 32. Qxa8 $16) (30... Bb7 31. Rd1+ Bd5 32. Qxa8 $16) 31. Rd1+ Kc6
32. Qf3+ (32. Rd6+ Qxd6 33. Nxd6 Ra1+ $19) 32... e4 $19) (25. Qh6 Rf7 $1 (25...
Rg7 26. Ng5 $1 Qc7 (26... f5 27. Nxh7 $18) 27. Rxf8+ $1 Kxf8 28. Nxh7+ Ke8 29.
Nxf6+ $16) 26. Ng5 $5 Qc7 $1 (26... Raa7 $2 27. Nxh7 $18) 27. Nxf7 (27. Nxh7 $2
Qxd8 28. Qxg6+ Bg7 $17) 27... Qxf7 28. cxb5 Bb7 29. Rfd1 Rxd8 30. Rxd8 Qe7 $17)
25... Qc7 $1 26. Nxh7 (26. Ne4 Qxd8 (26... f5 27. Nf6+ Kg7 28. Qxh7+ Kxf6 29.
Rxf8+ Ke5 30. Qh8+ Kd6 31. Rd1+ Kc6) 27. Nxf6+ Kh8 (27... Kf7 28. Qxh7+ Bg7 29.
Ne4+ Ke8 30. Qg8+ Kd7 31. Rd1+ $16) 28. Nxh7 {/\29.Nf6} g5 $1 (28... Bh6 $2 29.
Qxh6) (28... Rxh7 $2 29. Qxd8) (28... Kg7 $2 29. Nf6 $18) 29. Nxg5+ Kg8 30. Qe4
Raa7 $19) 26... Rxh7 (26... Qxd8 $2 27. Nxf6+ Kf7 28. Qh7+ Bg7 29. Ne4+ Ke8 30.
Qg8+ Kd7 31. Rd1+ $16) 27. Rxf8+ Kxf8 28. Qxf6+ Qf7 $8 (28... Rf7 29. Qh8+ Ke7
30. Rxf7+ Kxf7 31. Qh7+ $16) 29. Qd8+ Kg7 30. Rxf7+ Kxf7 31. Qc7+ Kg8 32. Qd8+
Kg7 33. Qe7+ Kh6 34. Qh4+ $10) 24... Bf8 $8 (24... h6 25. Rd8+ $18) 25. Ne4 $5
{[%csl Rf6]} (25. Nxh7 $2 Rxh7 26. Qxf6 Qxh2+ $19) (25. Rxf6 Qc7 $5 26. Rdf1
Bb7 27. Nxe6 (27. Rf7 h6) 27... Rxe6 28. Rxe6 bxc4 29. bxc4 Bc5+ 30. Kh1 Qd7
$36) 25... f5 $8 26. Nf6+ (26. Rd8 Qc7 {->24.Rd8}) 26... Kg7 $1 (26... Kf7 27.
Nxh7 Bb7 (27... Bg7 28. Rd8 $16) 28. Qf6+ $16) 27. Nxh7 $5 Qc7 28. Nxf8 (28.
Qf6+ Kxh7 29. Qxf8 Bb7 $19) 28... Bb7 (28... Kxf8 $2 29. Qh8+ Kf7 30. Rd8 $16)
29. Rd7 $5 (29. Qh7+ Kxf8 30. Qh8+ Kf7 31. Qh7+ Kf6 $17) 29... Qc5+ (29... Rxf8
$2 30. Qxe7+) (29... Rxd7 30. Nxe6+ Kg8 31. Nxc7 Rxc7 32. Qf6 $16) 30. Kh1 (30.
Rf2 $2 Ra1+) 30... Bxg2+ $1 (30... Kxf8 31. Rxb7 $1 Rxb7 32. Qh8+ Kf7 33. Qxa8
$16) 31. Kxg2 Qc6+ 32. Rf3 Rxd7 33. Nxd7 Qxd7 34. cxb5 Ra2 $5 $13 (34... Qxb5
$2 35. Qe7+) (34... Qd2+ 35. Qf2 Qxf2+ 36. Kxf2 Ra5 37. c4 Ra2 38. Rc3 (38. Ke3
Rxb2 39. Kd4 Rd2+ $13) 38... Rxb2+ 39. Kg3 {/\c5} Rd2 $10)) 24. Bd6 $5 {
Mit diesem Zug beabsichtigt Weiß den wichtigen Punkt e5 zu befestigen. Aber
wieso nicht 24.cb5?} (24. cxb5 Qb7 $5 {Die beste Fortsetzung. Andere Züge sind
schwächer.} (24... Ra7 25. Bd6 $14) (24... Ra2 25. Bf6 e5 26. Bxg7 Kxg7 27. Rd8
Rxd8 28. Qxd8 $16) (24... Bb7 25. Ng5 $5 (25. Bd6 Qd8 26. Qxd8 Raxd8 27. Bc7
Rxd1 28. Rxd1 Bxb2 29. Bxb6 $13) 25... h6 (25... Rxe7 $2 26. Qxh7+ Kf8 27. Qxg6
$40 Kg8 (27... Qe8 28. Nh7+ Kg8 29. Nf6+ $18) (27... Bd5 28. Rxd5 exd5 29.
Rxf5+ $18) 28. Qh7+ Kf8 29. Nxe6+ Rxe6 30. Rd7 $16) 26. Nxe6 $16) (24... e5 $2
25. Qc4+ Kh8 26. Ng5 $1 $40 (26. Qf7 $5)) (24... Bxb2 25. Ng5 h5 26. Bd6 $16) (
24... h6 25. Bd6 Qb7 26. Ne5 $36) 25. Bf6 e5 $44) 24... Qb7 25. Ne5 $5 {
Der Vorposten e5 (Ne5) übt auf die schwarze Stellung einen starken Druck aus.}
(25. cxb5 e5 $44) 25... bxc4 26. bxc4 $6 {Weiß verliert die Zeit.} (26. Nxc4 e5
$5 $44) (26. Rf3 $5 {Dies soll den weißen Angriff wesentlich verstärken.} cxb3
27. Rxb3 $36 {Die Analyse dieser Stellung zeigt, daß der weiße Angriff sich
steigernde Tendenz aufweist. /\28.Rh3} (27. Rh3 $6 Bxe5 28. Bxe5 bxc2 $13)
27... b5 (27... Bf8 28. Bxf8 Rxf8 29. Rd8 $36) 28. Rh3 Bxe5 (28... Qb6+ $2 29.
Kf1 (29. Kh1 Qxd6 $1 30. Qxh7+ Kf8 31. Nxg6+ Kf7 $13)) (28... Bf8 29. Bxf8 Rxf8
30. Nxg6 $5 hxg6 $140 $2 31. Qh8+ Kf7 32. Rh7+ Ke8 33. Qxf8+ $18) 29. Bxe5 {
/\30.Qf6} Qf7 30. Rc3 {/\31.Rc7} Ra7 31. Rd8 $16) 26... Ra2 $132 27. Rf3 (27.
Qg3 $6 Rxb2 28. Qc3 Ra2 29. Qb3 Qa6 $17) (27. Qd4 $5 Bd7 28. Qc3 Bc6 29. Qb3 $5
$13) (27. Rb1 $6 Bd7 {/\28...Bc6}) 27... Rxb2 28. Rh3 $2 (28. c5 $5 {/\29.c6}
bxc5 (28... Rxc2 $2 29. Qa4 {[%csl Rc2,Re8]}) (28... Bxe5 29. Bxe5 Rxc2 30. Qf6
$18) 29. Qa4 $5 (29. Rh3 Bxe5 30. Bxe5 Rxc2 31. Rg3 Qf7 $17) 29... Rd8 (29...
Qb5 30. Qa7 Qb7 31. Qxc5 $44) 30. Nc4 Rb1 (30... Rb4 31. Qa5 Qd7 (31... Bd4+
32. Rxd4 $1 Rb1+ 33. Rf1 Rxf1+ 34. Kxf1 Qb1+ 35. Kf2 $16 Qxc2+ $2 36. Rd2 $18)
32. Qxc5 $13) 31. Rff1) 28... Bxe5 29. Bxe5 Rxc2 $17 30. Rg3 {/\31.Rg6} Qf7 31.
Rd4 Re2 32. Qf4 Bb7 33. Kf1 Re4 {Schwarz wollte nichts mehr riskierien und
forciert den Übergang ins Endspiel.} (33... Rc2 {/\34...Ra8} 34. Rgd3 Bxg2+ (
34... Be4 35. Rd2) 35. Kg1 Bc6 (35... Be4 36. Rd7 $13) 36. Rd8 Rg2+ 37. Kf1 g5
$17 (37... Rg4 38. Qh6)) 34. Rxe4 fxe4 (34... Bxe4 $5 35. Bc3 $2 {/\Qe5} e5 36.
Bxe5 Qxc4+ $19) 35. Qxf7+ Kxf7 {Hecht: T+ungl.L: Schwarz vermeidet
Remisübergang in ein L-Endspiel und läuft in ein Matt} 36. Ra3 Re7 37. Ke2 g5
38. Ke3 Rd7 39. Rb3 Ba6 40. Rxb6 Bxc4 41. Rc6 Bf1 42. Rc2 Kg6 43. Rf2 Rd5 44.
Bb2 Bd3 45. g4 Rb5 46. Ba1 Ra5 47. Bb2 Rb5 48. Ba1 e5 49. Rf5 h5 50. Rxe5 Rb1 (
50... Rxe5 51. Bxe5 hxg4 52. Bg3 $10) 51. gxh5+ Kxh5 52. Bc3 Rh1 53. Re8 Kg4
54. Rh8 Bb1 {[#]} 55. h3+ Kf5 $4 (55... Rxh3+ 56. Rxh3 Kxh3 {Hecht} 57. Kf2 g4
58. Be5 $10) (55... Kg3 56. Rh5 $10) 56. Rh6 $18 g4 57. hxg4+ 1-0

[Event "Abu Dhabi op 13th"]
[Site "Abu Dhabi"]
[Date "2003.08.19"]
[Round "4"]
[White "Iuldachev, Saidali"]
[Black "El Arousy, Abdul Hameed"]
[Result "1-0"]
[WhiteElo "2513"]
[BlackElo "2315"]
[Annotator "Bangiev,A"]
[PlyCount "51"]
[EventDate "2003.08.16"]
[EventType "swiss"]
[EventRounds "9"]
[EventCountry "UAE"]
[SourceTitle "CBM 097"]
[Source "ChessBase"]
[SourceDate "2003.11.11"]
[SourceVersion "1"]
[SourceVersionDate "2003.11.11"]
[SourceQuality "1"]

1. e4 c5 2. Nc3 Nc6 3. f4 e6 4. Nf3 d5 5. Bb5 Nge7 6. exd5 exd5 7. Qe2 Qd6 8.
d4 $1 {[%mdl 32] Logisch! Die schwarze Stellung weist schwarzfeldrigen
Schwächen auf. Weiß beginnt diese Schwächen ausfindig zu machen. Dafür möchte
er die schwarzen Steine, die die schwarzen Felder verteidigen, beseitigen.}
cxd4 (8... c4 9. O-O (9. b3 $1 cxb3 10. axb3) 9... f6 10. b3 cxb3 11. axb3 a6
12. Re1 Bd7 13. Ba3 Nb4 14. Bxd7+ Kxd7 15. Na2 Nec6 {1-0 Campora,D-Martinez
Fernandez,M/Coria del Rio 2002/CBM 86 ext (15)}) 9. Nxd4 Bd7 (9... g6 10. Be3
$5 (10. Qe5 Qxe5+ 11. fxe5 Bd7 $11 {1/2-1/2 Varga,S-Szabo,J/HUN 1995/EXT 99 
(22)}) (10. f5 $6) 10... Bg7 11. Bxc6+ bxc6 12. Nb3) (9... a6 10. Bxc6+ bxc6
11. O-O) 10. Bxc6 $1 {Ein starker Zug, Weiß verfolgt damit den Plan die
schwarzen Felder im Lager des Schwarzen zu schwächen, und anschließend zu
besetzen. Man beachte, die schwarzen Steine verteidigen im Moment die weißen
Felder.} bxc6 11. O-O g6 12. Nb3 $1 Bg7 13. Be3 $1 {[%cal Ye3d4,Yd4c5] Eine
notwendige Figurenumgruppierung mit dem Ziel die schwarzen Felder d4 und c5
unter Kontrolle zu bekommen.} Be6 14. Bc5 Qd7 15. Bd4 $1 {Weiß verfolgt
konsequent eine schwarzfeldrige Strategie d.h. er ist bestrebt, die schwarzen
Steine zu befragen, die die schwarzen Felder verteidigen. Qd6, Bg7} Bg4 16. Qf2
Bxd4 17. Qxd4 O-O 18. Nc5 {Langsam bekommt der weiße Vorteil klare Konturen,
nämlich einen beachtlichen Raumvorteil.} Qc7 19. h3 Bf5 (19... Bc8 $142) 20. g4
$1 {Die schwarzen Figuren kriegen keine Stützpunkten.} Bd7 $2 (20... Bc8) (
20... Bxc2 $5 21. Rac1 Be4 22. N3xe4 dxe4 23. Nxe4 Rad8 24. Nf6+ Kh8 25. Qc3
Qb6+ 26. Rf2 Qd4 $14) 21. Rae1 (21. N3e4 dxe4 22. Nxd7 Rad8 23. Rad1 $18) 21...
Rae8 22. Nxd7 Qxd7 23. Ne4 f6 $2 (23... f5 24. Nc5 Qd6 25. Re6) 24. Nxf6+ Rxf6
25. Qxf6 Nc8 26. f5 {Eine gute, von einer klaren weißen Strategie geprägte
Partie.} 1-0

[Event "BL2-Nord 9899"]
[Site "Germany"]
[Date "1998.11.22"]
[Round "2.1"]
[White "Bangiev, Alexander J"]
[Black "Lagunow, Alexander"]
[Result "1/2-1/2"]
[WhiteElo "2395"]
[BlackElo "2440"]
[Annotator "Bangiev,A"]
[PlyCount "50"]
[EventDate "1998.10.18"]
[EventType "team-tourn"]
[EventRounds "9"]
[EventCountry "GER"]
[SourceTitle "GER-chT2"]
[Source "ChessBase"]
[SourceDate "1999.07.01"]
[SourceVersion "1"]
[SourceVersionDate "1999.07.01"]
[SourceQuality "1"]
[WhiteTeam "Isernhagen"]
[BlackTeam "Kreuzberg"]
[WhiteTeamCountry "GER"]
[BlackTeamCountry "GER"]

1. e4 c5 2. Nc3 Nc6 3. Bb5 Nd4 4. Bc4 g6 5. Nge2 Bg7 6. Nxd4 cxd4 7. Qf3 $5 {
[%mdl 8]} (7. Ne2 {ist die übliche Fortsetzung.}) 7... Nh6 (7... e6 8. Nb5 $5)
(7... Nf6 8. Nb5 $5) 8. Ne2 (8. d3 O-O 9. Nb5 Qb6 $132) 8... e6 (8... O-O 9. d3
(9. Qd3 $6 e6) 9... Qa5+ 10. Bd2 Qb6 11. Bb3 $13) 9. d3 (9. Qd3 O-O 10. Nxd4 d5
$132) 9... b5 (9... Ng8 $5) 10. Bb3 Qb6 $6 (10... Ng8 $5) 11. Bxh6 Bxh6 12. Qf6
O-O 13. Qxd4 Qa5+ 14. c3 $16 Bg7 15. Qd6 (15. Qc5 $142 Bb7 16. O-O Rac8 17. Qd6
$16) 15... b4 $1 {/\Ba6} 16. cxb4 (16. d4 bxc3 17. bxc3 Ba6 $132) (16. Qxb4
$142 Qxb4 17. cxb4 Bxb2 18. Rb1 Ba3 19. Bxe6 $1 $16 fxe6 $140 20. Rb3) 16...
Qg5 17. O-O (17. g3 Bxb2 18. f4 Qb5 $132) 17... Qd2 18. Rfe1 Qxb2 19. Rab1 (19.
d4 Qa3 20. e5 Re8 $132) 19... Qa3 20. Bc4 (20. e5 $5 Re8 21. Rec1 Bf8 22. Qd4
Bxb4 23. Ng3 $16) 20... Re8 21. Qc7 (21. Nd4 $5 Bf8 22. Qg3 $16) 21... Bf8 22.
Rb3 $6 (22. Qa5 $142 Qxa5 23. bxa5 Be7 24. a6 Bd8 25. Rec1 Bb6 26. a4 $16)
22... Qxa2 23. Nc3 (23. Qf4 d5 24. exd5 (24. Nc3 dxc4 25. Nxa2 cxb3 $132) 24...
exd5 25. Bxd5 Be6 $132) 23... Qd2 24. Rd1 Qg5 25. d4 Qd8 $13 1/2-1/2